00427 2200181 4500001002100000005001500021035002000036008004100056245003700097100001600134250000600150260002900156300001200185084001400197082000800211650001400219990001200233INLIS00000000000006320240502103713 a0010-0424000039240502 0 ind 1 aGeografi Kelas XII /cAji Arifin aArifin, Aji a1 aSolo :bMediatama,c2016 a233 hlm a900 AJI g a900 4aNon Fiksi a0737318